| 000 | 00968cam a2200313 a 4500 | ||
|---|---|---|---|
| 001 | 13548562 | ||
| 003 | OSt | ||
| 005 | 20230704130936.0 | ||
| 008 | 010620s2003 enk 001 0 eng | ||
| 010 | _a 2004396328 | ||
| 015 | _aGBA1-X1495 | ||
| 020 | _a0421722509 | ||
| 035 | _a(OCoLC)ocm47192307 | ||
| 040 |
_aUKM _dUKM _dOCLCQ _dYLS _cDLC |
||
| 042 | _apcc | ||
| 082 | 0 | 4 |
_a341.77 _bTHA |
| 100 | 1 | _aDe Than, Claire. | |
| 245 | 1 | 0 |
_aInternational criminal law and human rights / _cby Claire de Than and Edwin Shorts. |
| 250 | _a1st ed. | ||
| 260 |
_aLondon : _bSweet & Maxwell, _c2003. |
||
| 300 |
_axlv, 550 p. ; _c24 cm. |
||
| 500 | _aIncludes index. | ||
| 650 | 0 |
_aCrimes against humanity _xLaw and legislation. |
|
| 650 | 0 |
_aHuman rights _xCriminal provisions. |
|
| 700 | 1 | _aShorts, Edwin. | |
| 906 |
_a7 _bcbc _ccopycat _d2 _encip _f20 _gy-gencatlg |
||
| 942 |
_2ddc _cBK |
||
| 999 |
_c3806 _d3806 |
||